Представление документа в формате RUSMARC

ПолеНазваниеЗначение
  Тип записи i
  Библиографический уровень m
001 Контрольный номер RU\NLR\BIBL_A\011777987
005 Дата корректировки 20201206205200.7
010 Индекс ISBN __
a ISBN 978-5-9677-2667-5
d Цена 265-00
100 Данные общей обработки __
a Данные общей обработки 19190418d2017|||||||y0rusy0189 ca
101 Язык документа 0_
a Язык текста rus
102 Страна публикации __
a Страна публикации RU
102 Страна публикации __
a Страна публикации RU
105 Кодированные данные (монография) __
a Кодированные данные (монография) || h |zy
127 Кодированные данные (звукозаписи-физические характеристики) __
a Продолжительность проигрывания 020800
200 Заглавие и сведения об ответственности 1_
a Заглавие Леди Макбет Мценского уезда
f Первые сведения об ответственности Н. С. Лесков ; исполняют заслуженная артистка России Ольга Васильева и народный артист России Дмитрий Назаров ; режиссер-постановщик Виктор Трухан ; композитор Шандор Каллош ; звукорежиссер Яна Симакова
b Общее обозначение материала Звукозапись
210 Выходные данные __
a Место издания Москва
c Издательство 1С-Паблишинг
d Дата издания 2017
215 Физическое описание __
a Объем 1 электрон. опт. диск (CD-DA)
c Иллюстрации/тип воспроизводства mp3
d Формат 12 см
225 Серия __
a Серия 1С: Аудиотеатр
230 Специфическая характеристика материала: электронные ресурсы __
a Обозначение и объем ресурса Электронные звуковые данные
300 Общие примечания __
a Общие примечания Заглавие с этикетки диска
330 Аннотация __
a Аннотация Николай Семёнович Лесков (1831-1895) - выдающийся русский писатель, великолепный мастер слова, живописавший быт, нравы и настроения всех сословий России второй половины XIX века. Слушателям предлагается спектакль по его знаменитой повести "Леди Макбет Мценского уезда". Главная героиня Катерина Измайлова, 24 лет от роду, замужем за богатым купцом. Пожилой муж постоянно в разъездах, детей нет, заняться нечем. Скука. Но появляется свет в окошке: молодой приказчик Сергей. Ради него Катерина готова на всё. Первой её жертвой становится свёкор, узнавший о преступной связи снохи. За ним следует муж Катерины, которого любовники убивают на пару, потом - его малолетний родственник, имевший право на наследство. Итог закономерен: тюрьма и каторга. Но и здесь не прерывается цепь измен и убийств…
333 Примечание о целевом назначении __
a Примечание о целевом назначении 16+. Для детей старше 16 лет
337 Примечание о системных требованиях (электронные ресурсы) __
a Примечание о системных требованиях (электронные ресурсы) Системные требования: MS Windows 95/98/2000/XP/Vista/7/8/10 ; Pentium 100 ; ОЗУ 16 Мб ; монитор SVGA, 800x600 ; устройство чтения CD/DVD-ROM ; звуковая карта ; колонки или наушники ; мышь
606 Тематические рубрики __
a Основная рубрика Художественная литература
606 Тематические рубрики __
a Основная рубрика Русская литература XIX в. (произведения)
606 Тематические рубрики __
a Основная рубрика Музыка и зрелищные искусства
606 Тематические рубрики __
a Основная рубрика Художественное радиовещание
610 Ключевые слова __
a Ключевые слова аудиоспектакли
610 Ключевые слова __
a Ключевые слова тема измены
610 Ключевые слова __
a Ключевые слова тема нравственности
610 Ключевые слова __
a Ключевые слова тема любви
610 Ключевые слова __
a Ключевые слова тема убийств
610 Ключевые слова __
a Ключевые слова повести
610 Ключевые слова __
a Ключевые слова литературные персонажи
610 Ключевые слова __
a Ключевые слова Макбет
610 Ключевые слова __
a Ключевые слова экранизации
610 Ключевые слова __
a Ключевые слова экранизированные книги
686 Индексы других классификаций __
2 Код системы rubbks
a Классификационный индекс 85.381.3(2)-7я04
686 Индексы других классификаций __
2 Код системы rubbks
a Классификационный индекс 84(2=411.2)52-4я04; ст85.38я0 + ст84(2=411.2)1-4я0
700 Автор _1
a Фамилия Лесков
b Имя Н. С.
f Даты 1831-1895
g Полное личное имя Николай Семенович
4 Код отношения 070
702 Вторичная интеллектуальная ответственность _1
a Фамилия Васильева
b Имя О. А.
4 Код отношения Прочие
f Даты 1967-
g Полное личное имя Ольга Анатольевна
4 Код отношения 570
702 Вторичная интеллектуальная ответственность _1
a Фамилия Назаров
b Имя Д. Ю.
4 Код отношения Прочие
f Даты 1957-
g Полное личное имя Дмитрий Юрьевич
4 Код отношения 570
702 Вторичная интеллектуальная ответственность _1
a Фамилия Трухан
b Имя В.
4 Код отношения Режиссер
g Полное личное имя Виктор
4 Код отношения 070
702 Вторичная интеллектуальная ответственность _1
a Фамилия Каллош
b Имя Ш.
4 Код отношения Композитор
g Полное личное имя Шандор
4 Код отношения 230
702 Вторичная интеллектуальная ответственность _1
a Фамилия Симакова
b Имя Я.
4 Код отношения Режиссер
g Полное личное имя Яна
4 Код отношения 070
801 Источник записи _0
a Страна RU
b Организация NLR
c Дата составления 20190418
g Правила каталогизации PSBO
801 Источник записи _2
a Страна RU
b Организация Муниципальное бюджетное учреждение культуры "Централизованная библиотечная система" г. Сургут (Центральная городская библиотека им. А. С. Пушкина)
c Дата составления 20190418
852 Данные о местонахождении __
j Шифр хранения 85.381.3(2)-7я04
i Авторский знак Л 50
901 Тип документа __
a Ответственный КиК/Мамарузиева
t Тип документа 0
903 Характеристики (МАРС) __
a Дата передачи 20190418
969 Тип издания __
a Тип издания аудиоспектакль
a Тип издания издание для слепых
990 Данные о заказе (DOS) __
j Количество экземпляров (DOS) 2
t N записи в КСУ для И/У (DOS) 201905